|
|
|
|
| LEADER |
00000cam a2200000 a 4500 |
| 001 |
vtls009816375 |
| 003 |
SK-MaSNL |
| 005 |
20260301082639.0 |
| 008 |
231120s1989 xr oal drnp 000 0 slo |
| 015 |
|
|
|a SNBA1989
|
| 020 |
|
|
|q (brožované)
|
| 035 |
|
|
|a urn:nbn:sk:snk-am00ifyh
|
| 035 |
|
|
|a 60AD3CA6-D2A2-458D-ACEB-9B927EEBA49C
|
| 040 |
|
|
|a SNK
|b slo
|c SNK
|e AACR2
|
| 041 |
1 |
|
|a slo
|h cze
|
| 044 |
|
|
|a xr
|c CZ
|
| 072 |
|
7 |
|a 656
|x Doprava
|2 konspekt
|
| 072 |
|
7 |
|a 37.016
|x Učebné osnovy. Vyučovacie predmety. Učebnice
|2 konspekt
|
| 080 |
|
|
|a 656(075.3)
|2 1981
|
| 080 |
|
|
|a 656
|2 2011
|
| 080 |
|
|
|a (075.3)
|2 2011
|
| 100 |
1 |
|
|a Kořínková, Květoslava,
|d 1940-2026
|4 aut
|9 262339
|
| 240 |
1 |
0 |
|a Doprava I
|l Slovensky
|
| 245 |
1 |
0 |
|a Doprava 1
|c Květoslava Kořínková, Josef Janků ; [z českého originálu Doprava I ... preložil Pavel Janotka]
|
| 250 |
|
|
|a 2. nezm. vyd.
|
| 260 |
|
|
|a Praha
|b Nakladatelství dopravy a spojů
|c 1989
|
| 300 |
|
|
|a 150 strán
|b fotografie, ilustrácie, schémy, tabuľky
|c 21 cm
|
| 366 |
|
|
|e 400 výtl.
|
| 500 |
|
|
|a Na titulnej strane uvedený rok vydania 1987
|
| 504 |
|
|
|a Bibliografia na strane 150
|
| 650 |
0 |
7 |
|a doprava
|2 SNKPH
|9 1777
|
| 655 |
|
7 |
|a učebnice stredných škôl
|2 SNKPH
|9 69323
|
| 700 |
1 |
|
|a Janků, Josef,
|d 1931-1996
|4 aut
|9 408000
|
| 700 |
1 |
|
|a Janotka, Pavel
|4 trl
|9 395316
|
| 852 |
|
|
|a Slovenská národná knižnica
|
| 954 |
|
|
|a odborná, vedecká literatúra cudzojazyčná (svetová)
|2 lita
|
| 958 |
|
|
|a OND
|
| 958 |
|
|
|a NB
|
| 958 |
|
|
|a OP
|
| 958 |
|
|
|a EUIPO
|
| 968 |
|
|
|b ČES
|
| 999 |
|
|
|c 658949
|d 660879
|
| 952 |
|
|
|a SNK
|b SNK
|y VYP
|7 0
|p 17A0656606
|o snkSC 74048 D1
|i snkKIP 3068/89
|0 0
|1 0
|4 0
|d 2010-08-11
|l 0
|r 2026-02-23 18:48:17
|w 2026-02-23
|
| 952 |
|
|
|a SNK
|b SNK
|y PREZ
|7 0
|p 17A0964577
|o snkSC 74048
|i snkKIP 3067/89
|0 0
|1 0
|4 0
|d 2012-09-26
|f 1
|l 0
|r 2025-07-30 00:00:00
|w 2026-02-23
|